[Event "London Mindsports Rapid"]
[Site "London"]
[Date "2022.09.11"]
[Round "1.9"]
[White "Large, Peter G"]
[Black "Sturt, Charles A"]
[Result "1-0"]
[WhiteElo "2138"]
[BlackElo "1407"]
[PlyCount "47"]
[EventDate "2022.09.11"]
[EventType "swiss (rapid)"]
[EventRounds "9"]
[EventCountry "ENG"]
[SourceTitle "CBM 210 Extra"]
[Source "ChessBase"]
[SourceDate "2022.11.30"]
[SourceVersion "1"]
[SourceVersionDate "2022.11.30"]
[SourceQuality "1"]

1. e4 e6 2. d4 d5 3. Nc3 Bb4 4. e5 Ne7 5. a3 Bxc3+ 6. bxc3 c5 7. a4 Nbc6 8. Nf3 Bd7 9. Bd3 Ng6 10. h4 h6 11. h5 Nge7 12. 0-0 Qc7 13. Re1 Na5 14. Bf4 c4 15. Bf1 b6 16. g3 g5 17. Bc1 Nec6 18. Nh2 0-0 19. Ng4 Kg7 20. f4 gxf4 21. Bxf4 Rh8 22. Qd2 Ne7 23. Bxh6+ Kg8 24. Nf6# 1-0

[Event "BCF-chT4S 1920 (4NCL)"]
[Site "England"]
[Date "2020.01.11"]
[Round "3.143"]
[White "Sturt, Charles A"]
[Black "Agnihotri, Akaash"]
[Result "1-0"]
[WhiteElo "1416"]
[BlackElo "1532"]
[PlyCount "49"]
[EventDate "2019.11.09"]
[EventType "team-swiss"]
[EventRounds "11"]
[EventCountry "ENG"]
[SourceTitle "EXT 2022"]
[Source "ChessBase"]
[SourceDate "2021.10.06"]
[SourceVersion "1"]
[SourceVersionDate "2021.10.06"]
[SourceQuality "1"]
[WhiteTeam "Celtic Tigers III"]
[BlackTeam "Barnet Knights III"]
[WhiteTeamCountry "ENG"]
[BlackTeamCountry "ENG"]

1. e4 e5 2. Nf3 Nc6 3. Bc4 Nf6 4. d4 exd4 5. 0-0 h6 6. e5 Nh7 7. Nxd4 Nxe5 8. Re1 d6 9. f4 Qf6 10. Nc3 Be7 11. fxe5 dxe5 12. Rf1 Qb6 13. Bxf7+ Kd8 14. Be3 exd4 15. Bxd4 Qd6 16. Bxg7 Rf8 17. Bxh6 Rxf7 18. Rxf7 Nf6 19. Qxd6+ cxd6 20. Re1 Ng8 21. Rfxe7 Nxe7 22. Bg5 Bf5 23. Rxe7 Bd7 24. Nd5 Rc8 25. Re6# 1-0

[Event "London Classic op U1750 11th"]
[Site "London"]
[Date "2019.12.05"]
[Round "4"]
[White "Badacsonyi, Frankie"]
[Black "Sturt, Charles A"]
[Result "1/2-1/2"]
[WhiteElo "1531"]
[BlackElo "1622"]
[PlyCount "75"]
[EventDate "2019.12.02"]
[EventType "swiss"]
[EventRounds "5"]
[EventCountry "ENG"]
[SourceTitle "CBM 195 Extra"]
[Source "ChessBase"]
[SourceDate "2020.05.31"]
[SourceVersion "1"]
[SourceVersionDate "2020.05.31"]
[SourceQuality "1"]

1. d4 e6 2. Nf3 d5 3. c4 dxc4 4. e3 c5 5. Bxc4 Nf6 6. 0-0 Nc6 7. dxc5 Bxc5 8. Qxd8+ Kxd8 9. b3 a6 10. Rd1+ Ke7 11. Bb2 b5 12. Be2 Bb7 13. Nbd2 Rac8 14. Bxf6+ gxf6 15. Ne4 Ba3 16. Ne1 Ne5 17. Ng3 h5 18. Bxh5 f5 19. Be2 Rh7 20. Nd3 Nxd3 21. Bxd3 Rch8 22. h3 Rg7 23. Bxf5 Bxg2 24. Bxe6 Bf3 25. Bg4 Bxg4 26. hxg4 Rxg4 27. Kf1 Ke6 28. Ke2 Rc8 29. Kf3 Rg5 30. Ne2 Rf5+ 31. Nf4+ Ke7 32. Rd4 Rc2 33. Re4+ Kf6 34. Rh1 Kg7 35. Kg4 Rfc5 36. Nh5+ Kg6 37. Nf4+ Kg7 38. Nh5+ 1/2-1/2

[Event "BCF-chT4S 1819 (4NCL)"]
[Site "England"]
[Date "2019.05.06"]
[Round "11.36"]
[White "Adaway, William"]
[Black "Sturt, Charles A"]
[Result "1-0"]
[WhiteElo "1863"]
[BlackElo "1682"]
[PlyCount "43"]
[EventDate "2018.11.17"]
[EventType "team-swiss"]
[EventRounds "11"]
[EventCountry "ENG"]
[SourceTitle "EXT 2021"]
[Source "ChessBase"]
[SourceDate "2020.10.23"]
[SourceVersion "1"]
[SourceVersionDate "2020.10.23"]
[SourceQuality "1"]
[WhiteTeam "Wessex II"]
[BlackTeam "Celtic Tigers II"]
[WhiteTeamCountry "ENG"]
[BlackTeamCountry "ENG"]

1. e4 e6 2. d4 d5 3. exd5 exd5 4. Nf3 c6 5. Bd3 Bd6 6. 0-0 Ne7 7. c3 Bf5 8. Bxf5 Nxf5 9. Re1+ Ne7 10. Bg5 f6 11. Bh4 0-0 12. Qc2 Qc8 13. Bg3 Nf5 14. Nbd2 Nxg3 15. hxg3 c5 16. Nf1 Nc6 17. dxc5 Bxc5 18. Rad1 Bb6 19. Qb3 Qc7 20. Qxd5+ Kh8 21. Qd7 Qxg3 22. Nxg3 1-0

[Event "BCF-chT4S 1819 (4NCL)"]
[Site "England"]
[Date "2018.11.17"]
[Round "1.99"]
[White "Priest, Christopher Pa"]
[Black "Sturt, Charles A"]
[Result "0-1"]
[WhiteElo "1690"]
[BlackElo "1682"]
[PlyCount "48"]
[EventDate "2018.11.17"]
[EventType "team-swiss"]
[EventRounds "11"]
[EventCountry "ENG"]
[SourceTitle "EXT 2021"]
[Source "ChessBase"]
[SourceDate "2020.10.23"]
[SourceVersion "1"]
[SourceVersionDate "2020.10.23"]
[SourceQuality "1"]
[WhiteTeam "Wessex III"]
[BlackTeam "Celtic Tigers II"]
[WhiteTeamCountry "ENG"]
[BlackTeamCountry "ENG"]

1. d4 e6 2. Bf4 f5 3. e4 fxe4 4. Qh5+ g6 5. Qe5 Nf6 6. Qxc7 Qxc7 7. Bxc7 Nc6 8. c3 d6 9. b4 b6 10. f3 Kd7 11. fxe4 Nxe4 12. Bd3 Nf6 13. Bxd6 Bxd6 14. Nf3 Bb7 15. Nbd2 Ng4 16. 0-0 Raf8 17. Rae1 Ne7 18. h3 Nh6 19. Ng5 Rxf1+ 20. Nxf1 a6 21. Rxe6 Bf4 22. Rxb6 Kc7 23. Nf7 Rf8 24. Rf6 Rxf7 0-1